| 000 | 01148nam a2200337 i 4500 | ||
|---|---|---|---|
| 001 | bg | ||
| 100 | 1 | _aVieira, Robert. | |
| 245 | 1 | 0 |
_aSQL Server 2005 : _bprogramowanie : od podstaw / _cRobert Vieira ; [tł. Piotr Balczyński, Grzegorz Kostek, Maria Chaniewska]. |
| 246 | 1 |
_iTyt. oryg.: _aBeginning SQL server 2005 programming |
|
| 260 |
_aGliwice : _bWydawnictwo Helion, _ccop. 2007. |
||
| 300 |
_a726 s. : _bil. ; _c24 cm. |
||
| 490 | 1 | _aProgrammer to Programmer | |
| 500 | _aTyt. oryg.: "Beginning SQL server 2005 programming" 2006. | ||
| 504 | _aIndeks. | ||
| 650 | 9 | _aSQL Server | |
| 655 | _aPodręczniki | ||
| 700 | 1 |
_aBalczyński, Piotr. _eTł. |
|
| 700 | 1 |
_aKostek, Grzegorz. _eTł. |
|
| 700 | 1 |
_aChaniewska, Maria. _eTł. |
|
| 830 | _aProgrammer to Programmer | ||
| 015 | _aPB 12849/2008 | ||
| 020 | _a9788324606535 | ||
| 040 | _cBPK | ||
| 041 | 1 |
_apol _heng |
|
| 044 | _aPOL | ||
| 080 | _a004.42:004.652](07) | ||
| 920 | _a978-83-246-0653-5 | ||
| 942 | _cKS | ||
| 008 | 080516s2007 pl a f f |001 0 pol | ||
| 999 |
_c55945 _d55945 |
||
| 856 |
_uhttp://koha.tu.koszalin.pl/cgi-bin/koha/opac-detail.pl?biblionumber=55945 _yKatalog online BPK |
||